Entrepreneurial Learning About the Venture Capitalist Community
Analýza učenia sa podnikateľov o komunite rizikových kapitalistov a investorov. Analýza vzťahu medzi podnikateľskou firmou a akcionármi prostredníctvom konceptu trhových signálov.
Na minha lista:
| Autor principal: | |
|---|---|
| Formato: | Capítulo de Livro |
| Idioma: | inglês |
| Assuntos: | |
| Tags: |
Sem tags, seja o primeiro a adicionar uma tag!
|
MARC
| LEADER | 00000nla a2200000 4500 | ||
|---|---|---|---|
| 001 | 0247003 | ||
| 005 | 20210325111037.2 | ||
| 041 | 0 | |a eng | |
| 044 | |a CZ | ||
| 245 | 1 | 0 | |a Entrepreneurial Learning About the Venture Capitalist Community |c Ron Berger |
| 520 | |a Analýza učenia sa podnikateľov o komunite rizikových kapitalistov a investorov. Analýza vzťahu medzi podnikateľskou firmou a akcionármi prostredníctvom konceptu trhových signálov. | ||
| 610 | 2 | 0 | |a podnikatelia |
| 610 | 2 | 0 | |a vzdelávanie |
| 610 | 2 | 0 | |a podnik |
| 610 | 2 | 0 | |a firmy |
| 610 | 2 | 0 | |a investori |
| 610 | 2 | 0 | |a investovanie |
| 610 | 2 | 0 | |a akcionári |
| 610 | 2 | 0 | |a kapitalizmus |
| 610 | 2 | 0 | |a kapitál |
| 610 | 2 | 0 | |a kapitál rizikový |
| 610 | 2 | 0 | |a trh |
| 610 | 2 | 0 | |a trh akciový |
| 100 | 1 | |a Berger, Ron | |